000 00768nam a2200265 i 4500
001 11778
003 ES-MaACL
005 20230906150155.0
007 t|
008 961023s1995 sp ||||1| spa d
020 _a84-344-8114-6
080 _a82.035
100 1 _aHatim, Basil.
_962069
245 1 0 _aTeoría de la traducción
_b: una aproximación al discurso /
_cBasil Hatim y Ian Mason.
250 _a1ª ed.
260 _aBarcelona :
_bAriel,
_c1995.
300 _a332 p. ;
_c22 cm.
490 1 _aAriel lenguas modernas
504 _aBibliografía : p. [317]-325.
650 4 _aTraducción.
_917608
700 1 _aMason, Ian.
_978760
830 0 _aAriel lenguas modernas
_9228221
852 _aES-MaACL
_jL-19108
_bR.125315
999 _c11778
_d11778